[Event "Saint Quentin op 5th"]
[Site "Saint Quentin"]
[Date "2002.??.??"]
[Round "2"]
[White "Jany, Olivier"]
[Black "Mercier, Pierre Adelin"]
[Result "1-0"]
[WhiteElo "1800"]
[BlackElo "1499"]
[PlyCount "53"]
[EventDate "2002.04.21"]
[EventType "swiss"]
[EventRounds "9"]
[EventCountry "FRA"]
[SourceTitle "CBM 088 Extra"]
[Source "ChessBase"]
[SourceDate "2002.07.01"]
[SourceVersion "2"]
[SourceVersionDate "2002.07.01"]
[SourceQuality "1"]

1. e4 d6 2. d4 Nf6 3. Nc3 g6 4. Nf3 Bg7 5. Bf4 a6 6. Be2 b5 7. e5 Nfd7 8. 0-0 0-0 9. Re1 Bb7 10. Bd3 Nb6 11. Ng5 h6 12. Nf3 Nc6 13. e6 Kh7 14. Bg3 Nxd4 15. Nxd4 Bxd4 16. exf7 e5 17. h4 Kg7 18. Qg4 Qf6 19. Ne4 Qxf7 20. c3 Bc5 21. Nxc5 dxc5 22. Bxe5+ Kh7 23. Bg3 Kg7 24. Re6 Rfd8 25. Bxg6 Qf8 26. Bc2+ Kf7 27. Qg6# 1-0

[Event "Saint Quentin op 5th"]
[Site "Saint Quentin"]
[Date "2002.??.??"]
[Round "7"]
[White "Mercier, Pierre Adelin"]
[Black "Rivier, Hermann"]
[Result "1-0"]
[WhiteElo "1499"]
[BlackElo "1280"]
[PlyCount "59"]
[EventDate "2002.04.21"]
[EventType "swiss"]
[EventRounds "9"]
[EventCountry "FRA"]
[SourceTitle "CBM 088 Extra"]
[Source "ChessBase"]
[SourceDate "2002.07.01"]
[SourceVersion "2"]
[SourceVersionDate "2002.07.01"]
[SourceQuality "1"]

1. e4 e5 2. Nf3 Nc6 3. Bb5 Nf6 4. 0-0 Nxe4 5. d4 Qf6 6. dxe5 Nxe5 7. Nxe5 Qxe5 8. Bd3 d5 9. Re1 Qd4 10. Bb5+ c6 11. Qxd4 Bc5 12. Rxe4+ dxe4 13. Qxc5 cxb5 14. Qxb5+ Bd7 15. Qxb7 Rd8 16. Qxe4+ Be6 17. Nc3 0-0 18. Bg5 Rd6 19. Be7 Rd7 20. Bxf8 Kxf8 21. Qxh7 Rd2 22. Qh8+ Ke7 23. Re1 Rxc2 24. Qxg7 Kd7 25. Qd4+ Ke8 26. Rd1 Kf8 27. Qxa7 Kg7 28. Ne4 Rxb2 29. Qd4+ Kf8 30. Qxb2 1-0